La concepción del estado en el marxismo
Salvato in:
| Autore principale: | |
|---|---|
| Natura: | testo |
| Pubblicazione: |
México D.F.:
Siglo Veintiuno
|
| Tags: |
Aggiungi Tag
Nessun Tag, puoi essere il primo ad aggiungerne!!
|
MARC
| LEADER | 00000 a a2200000 04500 | ||
|---|---|---|---|
| 001 | 25002 | ||
| 003 | |||
| 040 | |||
| 020 | |a 968-23-1084-9 | ||
| 090 | |a 176900 | ||
| 100 | |a Adler, Max | ||
| 245 | |a La concepción del estado en el marxismo | ||
| 260 | |a México D.F.: |b Siglo Veintiuno | ||
| 300 | |a 371 p. | ||
| 999 | |c 11909 |d 11909 | ||



